| 000 | 00923nmm a2200313 4500 | ||
|---|---|---|---|
| 005 | 20250617134606.0 | ||
| 007 | cr |||||||| | ||
| 008 | 250617t2025 o | cat d | ||
| 041 | _acat | ||
| 041 | _bspa | ||
| 041 | _beng | ||
| 041 | _bfre | ||
| 110 |
_aTERMCAT _960609 |
||
| 245 |
_aDiccionari de la transició energètica _h[en línia] _cTERMCAT, Centre de Terminologia |
||
| 260 |
_aBarcelona _bTERMCAT, Centre de Terminologia _c2025 |
||
| 490 | _aDiccionaris en Línia | ||
| 500 | _aCategoria gramatical, sinònims, remissions, notes, àmbit d'ús | ||
| 500 | _btermcat | ||
| 504 | _aBibliografia | ||
| 520 | _a551 | ||
| 546 | _acatalà | ||
| 592 | _aObra terminològica | ||
| 593 | _aGQ | ||
| 650 | 0 |
_aenergia _961514 |
|
| 650 | 0 |
_aenergia renovable _974708 |
|
| 830 |
_aDiccionaris en Línia _967240 |
||
| 856 | _uhttps://www.termcat.cat/ca/diccionaris-en-linia/325/ | ||
| 942 |
_cMO _n0 _2ddc |
||
| 999 |
_c69309 _d69309 |
||